Východiská hospodárskej politiky Európskej únie pre obdobie rokov 2007 - 2013

Postavenie Európskej únie ako jednej z troch najvyspelejších veľmocí sveta poukazuje na to, že Európska Únia zaostáva v rozhodujúcich ukazovateľoch, ktoré charakterizujú súčasný stav konkurencieschopnosti a vyspelosti ekonomík na svete. Ciele Lisabonskej stratégie do roku 2010 a ich realizácia. Ide...

Ausführliche Beschreibung

Gespeichert in:
Bibliographische Detailangaben
1. Verfasser: Kováč, Viliam
Format: Buchkapitel
Sprache:Slowakisch
Schlagworte:
Tags: Tag hinzufügen
Keine Tags, Fügen Sie das erste Tag hinzu!

MARC

LEADER 00000naa$a2200000$$$4500
001 0070554
005 20221128091246.0
041 0 |a slo 
044 |a SK 
245 1 0 |a Východiská hospodárskej politiky Európskej únie pre obdobie rokov 2007 - 2013  |c Viliam Kováč 
520 |a Postavenie Európskej únie ako jednej z troch najvyspelejších veľmocí sveta poukazuje na to, že Európska Únia zaostáva v rozhodujúcich ukazovateľoch, ktoré charakterizujú súčasný stav konkurencieschopnosti a vyspelosti ekonomík na svete. Ciele Lisabonskej stratégie do roku 2010 a ich realizácia. Ide o rozhodujúce ciele, ktoré je potrebné realizovať, aby sa splnil všeobecný cieľ, t.j. aby sa EÚ stala najdynamickejšie sa rozvíjajúcou a najkonkurencieschopnejšou ekonomikou sveta. 
610 2 0 |a Európska únia 
610 2 0 |a spolupráca hospodárska medzinárodná 
610 2 0 |a rast hospodársky 
610 2 0 |a veda 
610 2 0 |a výskum 
610 2 0 |a zamestnanosť 
610 2 0 |a konkurencieschopnosť 
610 2 0 |a politika hospodárska 
100 1 |a Kováč, Viliam